Contractors' earnings hit £12bn as market soars (Record no. 77464)
[ view plain ]
| 000 -LEADER | |
|---|---|
| fixed length control field | 00752cab a2200193 4500 |
| 001 - CONTROL NUMBER | |
| control field | ##L134338 |
| 008 - FIXED-LENGTH DATA ELEMENTS--GENERAL INFORMATION | |
| fixed length control field | 060727n2006 000 0 eng u |
| 035 ## - SYSTEM CONTROL NUMBER | |
| System control number | (Sirsi) u134338 |
| 041 0# - LANGUAGE CODE | |
| Language code of text/sound track or separate title | eng |
| 100 1# - MAIN ENTRY--PERSONAL NAME | |
| Personal name | Hansford, Mark |
| 245 00 - TITLE STATEMENT | |
| Title | Contractors' earnings hit £12bn as market soars |
| 260 ## - PUBLICATION, DISTRIBUTION, ETC. | |
| Date of publication, distribution, etc. | 2006 |
| 490 #0 - SERIES STATEMENT | |
| Series statement | New Civil Engineer |
| Volume/sequential designation | 20 July 2006, 6(1) |
| 520 ## - SUMMARY, ETC. | |
| Summary, etc. | Turnover in the civil engineering market rose by £2bn in 2005 compared with 2004. Margins remained low, however, with the top 20 firms averaging only 3.1% in 2005. Balfour Beatty remains the largest contractor, with a turnover of £1.5bn. Bar chart. |
| 590 ## - LOCAL NOTE (RLIN) | |
| Local note | IKA010806 |
| 651 #4 - SUBJECT ADDED ENTRY--GEOGRAPHIC NAME | |
| Geographic name | United Kingdom |
| Chronological subdivision | |
| 690 ## - LOCAL SUBJECT ADDED ENTRY--TOPICAL TERM (OCLC, RLIN) | |
| Topical term or geographic name as entry element | BUILT ENVIRONMENT-CONSTRUCTION MARKET |
| 942 ## - ADDED ENTRY ELEMENTS (KOHA) | |
| Suppress in OPAC | 0 |
| Withdrawn status | Lost status | Source of classification or shelving scheme | Damaged status | Not for loan | Home library | Current library | Shelving location | Date acquired | Total Checkouts | Full call number | Barcode | Date last seen | Copy number | Price effective from | Koha item type |
|---|---|---|---|---|---|---|---|---|---|---|---|---|---|---|---|
| Dewey Decimal Classification | London | London | Journal article | 27/07/2006 | L134338 | 134338-1001 | 06/08/2019 | 1 | 06/08/2019 | Journal article |